Celebrities - Statistics

General Stats
  • This quiz has been taken 231 times
  • The average score is 9 of 13
Answer Stats
Hint Answer % Correct
Lady Gaga
99%
Justin Bieber
98%
Bruno Mars
98%
Justin Timberlake
95%
Selina Gomez
87%
Alicia Keys
87%
One Direction
85%
Kelly Clarkson
74%
Rhi anna
63%
Meghan Trainor
60%
Guy Sebastian
11%
Kelly Osbourne
8%
Alecia Moore
6%
No matching quizzes found
Score Distribution
Percent of People with Each Score
Percentile by Number Answered
Your Score History
You have not taken this quiz